|
|
แสดงรายละเอียดบรรณานุกรม |
|
|
Brief Record
: Get Marc (ISO 2709)
: E-mail record
: |
|
|
| LEADER 00000nam 2200000uu 4500 | |||
| 008 110317s||||||||th 000 0 tha d | |||
| 020 ^a0-8299-0062-4 | |||
| 041 0 ^aeng. | |||
| 060 0 Ref W15 S817m 1976 | |||
| 100 0 ^aStegeman,Wilson. | |||
| 245 00 ^aMedical Terms Simplified/^bWilson Stegeman. | |||
| 260 ^aAmerica | |||
| 650 0 ^aMedicine^x--Terminology. | |||
| 999 ^aใช้งานได้ทุกระบบ | |||
| คุณยังไม่ได้ล็อกอิน คุณสามารถมีกิจกรรมร่วมกับเว็บไซต์ได้ แต่ต้องล็อกอินก่อน :: |
|
| สถานะ | |||||||||
| 1. | หนังสืออ้างอิง | Ref W15 S817m 1976 | On Shelf ขอยืม | ||||||
| [แสดง 1/1 รายการ] | |||||||||
BibComment |
| คอมเมนท์ทรัพยากรรายการนี้ |
|
|